[Event "CFriend RL-2005-0-00041 email"]
[Site "Chessfriend.com"]
[Date "2005.11.28"]
[Round "1"]
[White "Boni, Roberto"]
[Black "Van Beurden, Roel"]
[Result "1-0"]
[WhiteElo "1142"]
[BlackElo "1000"]
[PlyCount "63"]
[EventDate "2005.11.28"]
[EventType "tourn (corr)"]
[EventRounds "6"]
[SourceTitle "Corr 2008"]
[Source "ChessBase"]
[SourceDate "2008.06.24"]
[SourceVersion "1"]
[SourceVersionDate "2008.06.24"]
[SourceQuality "1"]

1. e4 c6 2. d4 d5 3. Nc3 dxe4 4. Nxe4 Bf5 5. Ng3 Bg6 6. Nf3 Nf6 7. Bd3 e6 8. Bxg6 hxg6 9. Bg5 Nbd7 10. 0-0 Be7 11. Re1 Qc7 12. c4 0-0 13. Qe2 Rfe8 14. Rac1 c5 15. dxc5 Bxc5 16. a3 a5 17. Ne4 Nxe4 18. Qxe4 Be7 19. Bxe7 Rxe7 20. b4 axb4 21. axb4 Nf6 22. Qh4 Rd7 23. Ra1 Rad8 24. c5 Nh5 25. h3 Qf4 26. Qxf4 Nxf4 27. Ne5 Rd4 28. g3 Nxh3+ 29. Kg2 Ng5 30. c6 Rxb4 31. c7 Rc8 32. Red1 1-0

[Event "CFriend SL-2005-0-00038 email"]
[Site "Chessfriend.com"]
[Date "2005.10.31"]
[Round "1"]
[White "Vio, Mauro"]
[Black "Van Beurden, Roel"]
[Result "1-0"]
[WhiteElo "1211"]
[BlackElo "1000"]
[PlyCount "107"]
[EventDate "2005.??.??"]
[EventType "tourn (corr)"]
[EventRounds "6"]
[SourceTitle "Corr 2008"]
[Source "ChessBase"]
[SourceDate "2008.06.24"]
[SourceVersion "1"]
[SourceVersionDate "2008.06.24"]
[SourceQuality "1"]

1. e4 c6 2. Nf3 d5 3. exd5 cxd5 4. Bb5+ Nd7 5. d4 Ngf6 6. 0-0 e6 7. Bf4 a6 8. Bxd7+ Bxd7 9. Ne5 Bd6 10. Nc3 0-0 11. Nxf7 Rxf7 12. Bxd6 Qb6 13. Ba3 Qc7 14. Qd2 Rc8 15. f4 a5 16. Qe2 Qc4 17. Qxc4 dxc4 18. Bd6 Nd5 19. Nxd5 exd5 20. Rae1 Bf5 21. Rf2 Be4 22. Be5 b5 23. h4 g6 24. Kh2 h6 25. Re3 Rc6 26. g4 Kh7 27. Rfe2 h5 28. gxh5 gxh5 29. Rxe4 dxe4 30. Rxe4 Rg6 31. d5 Rg4 32. Kh3 Rg1 33. a4 bxa4 34. Rxc4 Rh1+ 35. Kg3 Re1 36. Rc3 Kg6 37. d6 Kf5 38. Rc7 Rf8 39. Rc5 Rg8+ 40. Kf3 Ke6 41. f5+ Kd7 42. Rc7+ Ke8 43. f6 Rf1+ 44. Ke2 Rf5 45. f7+ Rxf7 46. Rc8+ Kd7 47. Rxg8 a3 48. bxa3 a4 49. Ke3 Rf5 50. Rg7+ Kd8 51. Ke4 Rf2 52. d7 Rf4+ 53. Kd5 Rf5 54. Kd6 1-0